Państwa z którymi Polska kiedykolwiek graniczyła - Statystyki

Ogólne statystyki
  • Ten quiz został rozwiązany 1 442 razy
  • Średni wynik to 23 z 44
Statystyki odpowiedzi
Wiek Odpowiedz % Poprawnych
XXI Niemcy
98%
XVII/XVIII Imperium Rosyjskie (Rosja)
97%
XXI Rosja
97%
X Czechy
96%
XXI Czechy
96%
XIV Księstwo Litewskie (Litwa)
96%
XX Litwa
96%
XXI Litwa
96%
X Słowaszczyzna (Słowacja)
96%
XX Słowacja
94%
XXI Słowacja
94%
XXI Ukraina
92%
XXI Białoruś
91%
X Węgry
86%
XX Łotwa
83%
XIX Cesarstwo Austriackie (Austria)
82%
XVII/XVIII Imperium Habsburgów (Austria)
82%
XI Marchia Wschodnia (Austria)
82%
XVII/XVIII Imperium Szwedzkie (Szwecja)
78%
XX Rumunia
72%
XX ZSRR
68%
XX Czechosłowacja
65%
XVII/XVIII Prusy
61%
XIV Hospodarstwo Mołdawskie (Mołdawia)
58%
XIX Wolne Miasto Gdańsk
29%
X Ruś Kijowska
28%
XIII Zakon Krzyżacki
22%
XIII Imperium Mongolskie
16%
XIII Brandenburgia
14%
XX Nazistowskie Niemcy (Trzecia Rzesza)
13%
XVII/XVIII Pomerania (Pomorze)
13%
XIX Wolne Miasto Kraków
13%
X Morawy
11%
XVII/XVIII Imperium Ottomańskie
8%
X Grody Czerwieńskie
6%
XIX Księstwo Wielkopolskie
6%
X Związek Wilecki
5%
XIII Ruś Halicka
4%
XIV Księstwo Śląskie
3%
XII Księstwo Halickie
1%
XIV Księstwo Kijowskie
1%
XII Księstwo Włodzimierskie
1%
XI Miśnia
1%
X Milsko, Łużyce
0%
Nie znaleziono quizów pasujących do podanych kryteriów
Rozkład punktacji
Procent ludzi z każdym wynikiem
Percentyl według liczby udzielonych odpowiedzi
Twoja historia wyników
Nie rozwiązałeś tego quizu